| 000 | 00578nam a2200145Ia 4500 | ||
|---|---|---|---|
| 008 | 170221s9999 xx 000 0 und d | ||
| 100 | _aFaina Lazarevna Ratner | ||
| 245 | _aIntegrating the Educational Principles of Maria Montessori in the Process of Pedagogical Support for Pupils with Learning Disabilities | ||
| 245 | _cFaina Lazarevna Ratner, Victoria Leonidovna Efimova | ||
| 260 | _bInternational Review of Management and Marketing | ||
| 260 | _c2016 | ||
| 300 | _a6 : 3S | ||
| 650 | _xMarketing. | ||
| 856 | _uhttp://www.econjournals.com/index.php/irmm/issue/view/75 | ||
| 999 |
_c308315 _d308315 |
||